| 000 | 01043nam0a22002531 4500 | ||
|---|---|---|---|
| 001 | rc\4589089 | ||
| 005 | 20130416192346.5 | ||
| 021 |
_aRU _bП2093-59 |
||
| 035 | _a(NLR Aleph) 008382995 | ||
| 090 |
_a9129637 _c9129637 |
||
| 100 | _a20130416d1959 |||y0rusy50 ca | ||
| 101 | 0 | _arus | |
| 102 | _aRU | ||
| 105 | _ay z ||||| | ||
| 200 | 1 |
_aМеханизация заготовки и укладки проволочных пакетов на стенде для изготовления предварительно напряженных железобетонных изделий _fНауч.-исслед. ин-т организации, механизации и техн. помощи строительству. Москва |
|
| 210 |
_aМосква _cБ. и. _d1959 |
||
| 225 | 1 |
_aОбмен опытом _eЛисток _v№ 169 |
|
| 702 | 1 |
_aЭлькинд _bД. Б. _4220 |
|
| 702 | 1 |
_aТолчеев _bА. С. _4220 |
|
| 801 | 0 |
_aRU _bNLR _gpsbo |
|
| 801 | 1 |
_aRU _bELAR _2rusmarc |
|
| 852 |
_aNLR _jП10/1887 |
||
| 942 | _cBOOK | ||
| 980 | _aNB | ||